Villes françaises par leurs réseaux de transport en images - Statistiques

Statistiques générales
  • Ce quiz a été pris 183 fois
  • Le résultat moyen est 7 sur 15
Statistiques - réponses
Par images Réponse % Correct
Paris
100%
Nantes
75%
Lyon
63%
Bordeaux
58%
Marseille
58%
Nice
58%
Strasbourg
58%
Lille
57%
Le Havre
41%
Rouen
33%
Clermont-Ferrand
29%
Grenoble
26%
Brest
23%
Besançon
21%
Dijon
21%
Aucun quiz correspondant
Distribution des résultats
% des personnes avec chaque résultat
Percentile par nombre de réponses
Votre historique - résultats
Vous n’avez pas pris ce quiz